000 00689nam a2200169 a 4500
008 060823s2005 ||||||||||||||||| || u
050 _aIBRD(08)
100 _aDe Luna Martinez, Jose
245 1 0 _aWorkers' remittances to developing countries: a survey with central banks on selected public policy issues
260 _aWashington, D. C.
_bWorld Bank
_c2005
300 _a36p.
350 _a0.00
490 _aPolicy Research Working Paper
650 0 _aECONOMICS
650 _aWORKERS REMITTANCES--RESEARCH
995 _D0.00
_FCBU-MAIN LIBRARY (Kitwe)
_H1
_I0.00
_M1
_UAVAILABLE
_WAug 23, 2006
_ZInternational Publications
999 _c61942
_d61942